Eastern Utah Libraries Catalog: Duchesne, Heber, Roosevelt, & Vernal

Snitch (Record no. 94069)

MARC details
000 -LEADER
fixed length control field 03230cgm a2200661Ka 4500
001 - CONTROL NUMBER
control field ocn841490170
003 - CONTROL NUMBER IDENTIFIER
control field OCoLC
005 - DATE AND TIME OF LATEST TRANSACTION
control field 20241220134601.0
008 - FIXED-LENGTH DATA ELEMENTS--GENERAL INFORMATION
fixed length control field 130502s2013 xxu112 vleng d
007 - PHYSICAL DESCRIPTION FIXED FIELD--GENERAL INFORMATION
fixed length control field vd cvaizq
040 ## - CATALOGING SOURCE
Original cataloging agency TEFMT
Transcribing agency TEFMT
Modifying agency TEF
-- TEFMT
-- IHZ
-- APL
-- UINTA
024 1# - OTHER STANDARD IDENTIFIER
Standard number or code 025192190605
028 42 - PUBLISHER NUMBER
Publisher number 66126825
Source Summit Entertainment
035 ## - SYSTEM CONTROL NUMBER
System control number (OCoLC)841490170
037 ## - SOURCE OF ACQUISITION
Source of stock number/acquisition Midwest Tape
Note http://www.midwesttapes.com
041 1# - LANGUAGE CODE
Language code of text/sound track or separate title eng
-- spa
-- eng
-- spa
Language code of original and/or intermediate translations of text eng
050 #4 - LIBRARY OF CONGRESS CALL NUMBER
Classification number PN1997.2
Item number .S65 2013
082 04 - DEWEY DECIMAL CLASSIFICATION NUMBER
Classification number 791.43/72
Edition number 23
049 ## - LOCAL HOLDINGS (OCLC)
Holding library UCLB
092 ## - LOCALLY ASSIGNED DEWEY CALL NUMBER (OCLC)
Classification number 791.437
245 00 - TITLE STATEMENT
Title Snitch
Medium [videorecording] /
Statement of responsibility, etc Summit Entertainment Exclusive Media and Participant Media present ; in association with Imagenation Abu Dhabi ; an Exclusive Media productino in associaiton with Front Street Productions ; produced by Nigel Sinclair [et al.] ; directed by Ric Roman Waugh ; written by Justin Haythe and Ric Roman Waugh.
250 ## - EDITION STATEMENT
Edition statement [Spanish subtitled version]
260 ## - PUBLICATION, DISTRIBUTION, ETC. (IMPRINT)
Place of publication, distribution, etc [United States] :
Name of publisher, distributor, etc Summit Entertainment :
-- Lionsgate,
Date of publication, distribution, etc [2013]
300 ## - PHYSICAL DESCRIPTION
Extent 1 videodisc (112 min.) :
Other physical details sd., col. ;
Dimensions 4 3/4 in.
538 ## - SYSTEM DETAILS NOTE
System details note DVD, widescreen presentation; Dolby digital 5.1.
546 ## - LANGUAGE NOTE
Language note English or Spanish dialogue; English or Spanish subtitles; closed-captioned.
500 ## - GENERAL NOTE
General note Title from container.
511 1# - PARTICIPANT OR PERFORMER NOTE
Participant or performer note Dwayne 'The Rock' Johnson, Barry Pepper, Jon Bernthal, Michael K. Williams, Susan Sarandon.
500 ## - GENERAL NOTE
General note Originally released as a motion picture in 2013.
521 8# - TARGET AUDIENCE NOTE
Target audience note Rating: PG-13; for drug content and sequences of violence.
520 ## - SUMMARY, ETC.
Summary, etc A father's teenage son is wrongly accused of a drug distribution crime and is looking at a mandatory minimum prison sentence of ten years. Desperate and determined to rescue his son at all costs, he makes a deal with the U.S. attorney to work as an undercover informant and infiltrate a drug cartel on a dangerous mission, risking everything, including his family and his own life.
500 ## - GENERAL NOTE
General note Special features: Making-of; audio commentary; deleted scenes.
650 #0 - SUBJECT ADDED ENTRY--TOPICAL TERM
Topical term or geographic name as entry element Fathers and sons
Form subdivision Drama.
9 (RLIN) 5704996
650 #0 - SUBJECT ADDED ENTRY--TOPICAL TERM
Topical term or geographic name as entry element Drug traffic
Form subdivision Drama.
9 (RLIN) 5726998
650 #7 - SUBJECT ADDED ENTRY--TOPICAL TERM
Topical term or geographic name as entry element Padre e hijo
Form subdivision Teatro.
Source of heading or term bidex
9 (RLIN) 5704999
650 #7 - SUBJECT ADDED ENTRY--TOPICAL TERM
Topical term or geographic name as entry element Tráfico de drogas
Form subdivision Teatro.
Source of heading or term bidex
9 (RLIN) 6515134
655 #7 - INDEX TERM--GENRE/FORM
Genre/form data or focus term Action and adventure films.
Source of term lcgft
9 (RLIN) 6253393
655 #7 - INDEX TERM--GENRE/FORM
Genre/form data or focus term Thrillers (Motion pictures)
Source of term lcgft
9 (RLIN) 6253394
655 #7 - INDEX TERM--GENRE/FORM
Genre/form data or focus term Feature films.
Source of term lcgft
9 (RLIN) 6253395
655 #7 - INDEX TERM--GENRE/FORM
Genre/form data or focus term Video recordings for the hearing impaired.
Source of term lcgft
9 (RLIN) 6253396
655 #7 - INDEX TERM--GENRE/FORM
Genre/form data or focus term Feature films.
Source of term gsafd
9 (RLIN) 6253395
700 1# - ADDED ENTRY--PERSONAL NAME
Personal name Waugh, Ric Roman,
Dates associated with a name 1968-
9 (RLIN) 6253397
700 1# - ADDED ENTRY--PERSONAL NAME
Personal name Haythe, Justin,
Dates associated with a name 1973-
9 (RLIN) 5762745
700 1# - ADDED ENTRY--PERSONAL NAME
Personal name Johnson, Dwayne,
Dates associated with a name 1972-
9 (RLIN) 5856300
700 1# - ADDED ENTRY--PERSONAL NAME
Personal name Pepper, Barry,
Dates associated with a name 1970-
9 (RLIN) 68124
700 1# - ADDED ENTRY--PERSONAL NAME
Personal name Bernthal, Jon.
9 (RLIN) 5734112
700 1# - ADDED ENTRY--PERSONAL NAME
Personal name Williams, Michael Kenneth.
9 (RLIN) 5773375
700 1# - ADDED ENTRY--PERSONAL NAME
Personal name Sarandon, Susan,
Dates associated with a name 1946-
9 (RLIN) 23755
710 2# - ADDED ENTRY--CORPORATE NAME
Corporate name or jurisdiction name as entry element Summit Entertainment.
9 (RLIN) 58551
710 2# - ADDED ENTRY--CORPORATE NAME
Corporate name or jurisdiction name as entry element Exclusive Media Group.
9 (RLIN) 6218070
710 2# - ADDED ENTRY--CORPORATE NAME
Corporate name or jurisdiction name as entry element Participant Media.
9 (RLIN) 5740563
710 2# - ADDED ENTRY--CORPORATE NAME
Corporate name or jurisdiction name as entry element Imagenation Abu Dhabi (Firm)
9 (RLIN) 6220468
710 2# - ADDED ENTRY--CORPORATE NAME
Corporate name or jurisdiction name as entry element Front Street Productions (Firm)
9 (RLIN) 6253398
710 2# - ADDED ENTRY--CORPORATE NAME
Corporate name or jurisdiction name as entry element Lions Gate Films.
9 (RLIN) 5718756
942 ## - ADDED ENTRY ELEMENTS (KOHA)
Koha item type DVD
994 ## -
-- C0
-- UINTA
998 ## - LOCAL CONTROL INFORMATION (RLIN)
-- a169348
Holdings
Withdrawn status Lost status Source of classification or shelving scheme Damaged status Not for loan Collection code Home library Current library Shelving location Date acquired Source of acquisition Cost, normal purchase price Total Checkouts Total Renewals Full call number Barcode Date last seen Date checked out Cost, replacement price Price effective from Koha item type
    Dewey Decimal Classification     Movies Wasatch County Library Wasatch County Library Audio Visual Area 09/12/2016 Amazon 15.95 29 16 DVD Sni 34301001896515 08/10/2025 07/22/2025 15.95 03/20/2020 DVD
This project was made possible through a grant from the Institute of Museum and Library Service administered by the Utah State Library Division.

Wasatch County Library

  • 465 East 1200 South, Heber City, Utah 84032
  • Phone 435-654-1511 | Fax 435-654-6456

Hours

  • Monday - Friday 9:30 AM - 8:00 PM
  • Saturday 9:30 AM - 1:30 PM
  • Closed Sundays and Holidays